| 000 -LEADER |
| fixed length control field |
01002nam a2200253Ia 4500 |
| 001 - CONTROL NUMBER |
| control field |
16081 |
| 003 - CONTROL NUMBER IDENTIFIER |
| control field |
GE_BSU |
| 005 - DATE AND TIME OF LATEST TRANSACTION |
| control field |
20241206170024.0 |
| 008 - FIXED-LENGTH DATA ELEMENTS--GENERAL INFORMATION |
| fixed length control field |
181216s2010||||ru |||||||||||||| ||rus|| |
| 020 ## - INTERNATIONAL STANDARD BOOK NUMBER |
| International Standard Book Number |
9785883732364 |
| 040 ## - CATALOGING SOURCE |
| Transcribing agency |
GE_BSU |
| 080 ## - UNIVERSAL DECIMAL CLASSIFICATION NUMBER |
| Universal Decimal Classification number |
316.3/4 А-23 |
| 100 ## - MAIN ENTRY--PERSONAL NAME |
| Personal name |
Агапов, П. В. |
| 9 (RLIN) |
23900 |
| 245 ## - TITLE STATEMENT |
| Title |
Русская социология / |
| Statement of responsibility, etc. |
Агапов,П. В., Афанасьев, В. В. ; Редколлегия : Афанасьев В. В. ; Отв. ред. Божко Ю. В. ; Учен. секретарь : Гречихин В.Г. и др. |
| 264 ## - PRODUCTION, PUBLICATION, DISTRIBUTION, MANUFACTURE, AND COPYRIGHT NOTICE |
| Place of production, publication, distribution, manufacture |
Москва : |
| Name of producer, publisher, distributor, manufacturer |
Кагон+Роои, |
| Date of production, publication, distribution, manufacture, or copyright notice |
2010. |
| 300 ## - PHYSICAL DESCRIPTION |
| Extent |
351 стр. ; |
| Dimensions |
21 см. |
| 440 ## - SERIES STATEMENT/ADDED ENTRY--TITLE |
| Title |
Социология и политология |
| 9 (RLIN) |
23901 |
| 505 ## - FORMATTED CONTENTS NOTE |
| Formatted contents note |
Библиогр. стр.340 |
| 653 ## - INDEX TERM--UNCONTROLLED |
| keyword |
Русская социология |
| 653 ## - INDEX TERM--UNCONTROLLED |
| keyword |
Социология |
| 653 ## - INDEX TERM--UNCONTROLLED |
| keyword |
სოციოლოგია |
| 700 ## - ADDED ENTRY--PERSONAL NAME |
| Personal name |
Афанасьев, В.В. |
| Titles and other words associated with a name |
Автор |
| 9 (RLIN) |
23902 |
| 942 ## - ADDED ENTRY ELEMENTS (KOHA) |
| Koha item type |
წიგნი |
| Source of classification or shelving scheme |
|